000 00590nam a2200205 a 4500
001 51784
003 AR-BaAGN
007 ta
008 s1816 ag |||||r|||| ||| ||spa d
040 _aAR-BaAGN
_bspa
_eaacr
110 1 _aTucumán.
_bCongreso de las Provincias Unidas de Sud-América
245 1 0 _aManifiesto del Congreso a los pueblos :
_bexcitando á la unión y al órden.
260 _aBuenos Aires :
_bGandarillas,
_c1816.
300 _a34 páginas
336 _btxt
_2rdacontent
337 _bn
_2rdamedia
338 _bnc
_2rdacarrier
942 _cLIBRO
005 20230829135522.0
999 _c51784
_d51784